000 00158nam a2200085 4500
082 _aGIT
100 _aGitty, A.G.
245 _aPhysical Metullargy
942 _cBK
999 _c12879
_d12879